Music Quiz

Random Music or Rap Quiz

Hip-Hop Stage Names Quiz Stats

 Plays Quiz Updated Sep 19, 2018

Score 0/40 Timer 06:00
1 Play Today
Real Name Stage Name % Correct
Marshall Bruce Mathers IIIEminem
83.6%
Sean CombsDiddy
81.7%
Curtis Jackson III50 Cent
80%
Dwayne Michael Carter Jr.Lil Wayne
70.1%
Shawn Corey CarterJay-Z
69.6%
Christopher George Latore WallaceNotorious B.I.G.
59.5%
Cordozar Calvin Broadus Jr.Snoop Doggy Dogg
56.1%
Andre Romelle YoungDr. Dre
48.2%
Lisa Nicole LopesLeft Eye
40%
Christopher Brian BridgesLudacris
39.9%
Clifford Joseph Harris Jr.T.I.
39.8%
Oshea JacksonIce Cube
37.1%
Joseph SimmonsReverend Run
36.5%
James Todd SmithLL Cool J
30.2%
Eric WrightEazy-E
29.5%
Percy MillerMaster P
28%
Shad Gregory MossBow Wow
25.1%
Earl SimmonsDMX
25.1%
Jeffrey AtkinsJa Rule
24.6%
Joseph CartagenaFat Joe
23.4%
Real Name Stage Name % Correct
Cornell Haynes Jr.Nelly
23%
Tracy MarrowIce-T
22.2%
Reggie NobleRedman
19.7%
Clifford SmithMethod Man
19.5%
Aliuane Badara ThiamAkon
17.5%
Jay JenkinsYoung Jeezy
15.3%
Dana Elaine OwensQueen Latifah
14.6%
Trevor SmithBusta Rhymes
13%
Russell Tyrone JonesOl' Dirty Bastard
12.8%
Stanley Kirk BurrellMC Hammer
11.8%
Lonnie Rashid Lynn Jr.Common
11.3%
Kenneth EdmondsBabyface
11.3%
Tramar DillardFlo Rida
10.6%
Howard Bailey Jr.Chingy
8.5%
Artis Leon Ivey Jr.Coolio
8.5%
Alvin Nathaniel JoynerXzibit
7.7%
Hakeem SerikiChamillionaire
7.5%
Robert James RitchieKid Rock
5.8%
Antonio HardyBig Daddy Kane
4%
Mohandas DeweseKool Moe Dee
3%

You're not logged in!

Compare scores with friends on all Sporcle quizzes.
OR
Log In

Sporcle TV

Today on Sporcle TV


Watch our educational content, quiz creation guides, and fun videos on Sporcle TV.

Show Comments

Extras

Top Quizzes Today


Score Distribution

Your Account Isn't Verified!

In order to create a playlist on Sporcle, you need to verify the email address you used during registration. Go to your Sporcle Settings to finish the process.

Report this User

Report this user for behavior that violates our Community Guidelines.

Details: